000 01264nam a22003257i 4500
003 EG-GICUC
005 20260209160943.0
008 260209s2004 ua |||fr|||| 000 0 ara d
017 _a2004/1734
020 _a9770443956
040 _a EG-GICUC
_bara
_c EG-GICUC
_d EG-GICUC
_erda
041 0 _aara
082 0 4 _221
_a341.83
_bهـ ش . م
092 0 4 _221
099 _aLaw1 12 341.83 هـ ش . م 1999
100 0 _aهشام خالد
_eمؤلف.
245 1 0 _aمبادئ القانون القضائي الخاص الدولي ومركز الأجانب /
_cتأليف هشام خالد.
264 1 _a[مكان النشر غير محدد] :
_b[الناشر غير محدد],
_c1999.
300 _a280 صفحة ؛
_c24 سم
_bإيضاحيات، صور، مثيليات ؛
336 _2rda content
_atext
337 _2rda media
_aComputer
338 _2rda carrier
_aOnline Resource
504 _a. 240-220 ببليوجرافيا: صفحات.
546 _aالنص باللغة العربية
650 1 4 _aالقانون الدولي الخاص
_vالأجانب - مركز قانوني - قانون دولي
_2qrmak
651 1 _2qrmak
856 4 0 _uhttps://fll.law.cu.edu.eg/fulltext/bks/B12-02749.pdf
905 _a56
942 _2ddc
_cBK
_e21
_n0
999 _c61914
_d61914